| 000 | 00000nam 2200000zi 4500 |
| 001 | 9.882292 |
| 003 | CaOODSP |
| 005 | 20241203113653 |
| 006 | m o d f |
| 007 | cr ||||||||||| |
| 008 | 191121t19721972oncbo ob f000 0 eng d |
| 040 | |aCaOODSP|beng|erda|cCaOODSP |
| 043 | |an-cn--- |
| 086 | 1 |aFo47-1300E-PDF|zFo47-1300 |
| 100 | 1 |aRowe, J. S. |q(John Stanley), |d1918- |eauthor |
| 245 | 10|aForest regions of Canada / |cby J.S. Rowe. |
| 264 | 1|aOttawa : |bDepartment of the Environment, Canadian Forestry Service, |c1972. |
| 264 | 4|c©1972 |
| 300 | |a1 online resource (x, 172 pages) : |bmaps, photographs. |
| 336 | |atext|btxt|2rdacontent |
| 337 | |acomputer|bc|2rdamedia |
| 338 | |aonline resource|bcr|2rdacarrier |
| 490 | 0 |aCanadian Forestry Service publication ; |vno. 1300 |
| 500 | |aIncludes errata. |
| 500 | |aBased on W.E.D. Halliday's "A forest classification for Canada" 1937. |
| 500 | |aDigitized edition from print [produced by Environment and Climate Change Canada]. |
| 504 | |aIncludes bibliographical references (pages 168-172). |
| 520 | |a"Forest Regions of Canada provides a general description of the forest geography of this land, from the east to west coasts and from the USA borders to the arctic and alpine tundra"--Foreword, page v. |
| 692 | 07|2gccst|aForests |
| 692 | 07|2gccst|aGeography |
| 692 | 07|2gccst|aCanadian studies |
| 710 | 1 |aCanada. |bEnvironment Canada. |
| 710 | 2 |aCanadian Forestry Service. |
| 856 | 40|qPDF|s90.26 MB|uhttps://publications.gc.ca/collections/collection_2019/eccc/Fo47-1300-eng.pdf |